000 00836nam a2200229 4500
001 123069
003 ES-MaACL
005 20240126063007.0
007 t|
008 070214s1946 ag r ||||0| spa d
100 1 _aProust, Marcel,
_d1871-1922
_994056
245 1 3 _aEl caso Lemoine /
_cMarcel Proust ; traducción del francés por Marcelo Menasché.
260 _aBuenos Aires :
_bSantiago Rueda,
_c1946.
300 _a248 p ;
_c22 cm.
505 8 _aContiene además: En memoria de las Iglesias asesinadas ; Sentimientos filiales de un parricida ; Días de lectura
700 1 _aMenasché, Marcelo.
_980077
740 0 _aEn memoria de las Iglesias asesinadas.
740 0 _aSentimientos filiales de un parricida.
740 0 _aDías de lectura.
852 _aES-MaACL
_jD-7735
_bR.30584
999 _c123069
_d123069